00422nam a2200169Ia 4500003000400000005001700004008004100021020001500062050002400077100001900101245004800120260003500168300002800203440000600231521000700237526000800244OSt20140312152210.0140130s9999 xx 000 0 und d a0439655595 aPZ 10.3b.L783 1970 aLobel, Arnold  cArnold Lobel.aFrog and toad are friends / bScholastic,c1970.aNew York : a64 p. :bill. ;c19 cm. v1 aG2 c400